Normal view
MARC view
Entry Nombre personal
001 - NÚMERO DE CONTROL
- campo de control: 38198
003 - IDENTIFICADOR DEL NÚMERO DE CONTROL
- campo de control: BNPHU
005 - FECHA Y HORA DE LA ÚLTIMA TRANSACCIÓN
- campo de control: 20250211102200.0
008 - DATOS DE LONGITUD FIJA
- campo de control de longitud fija: 200615|| aca||aabn | a|a d
010 ## - NÚMERO DE CONTROL DE LA BIBLIOTECA DEL CONGRESO
- Número de control de LC: n 97064051
040 ## - FUENTE DE LA CATALOGACIÓN
- Centro catalogador/agencia de origen: DO-SdBNP
- Lengua de catalogación: spa
- Centro/agencia transcriptor: BNPHU
- Normas de descripción: rda
100 1# - ENCABEZAMIENTO-NOMBRE DE PERSONA
- Nombre de persona: Isa Contreras, Pavel
- Fechas asociadas al nombre: 1968-
370 ## - LUGAR ASOCIADO
- Lugar de nacimiento: República Dominicana
372 ## - CAMPO DE ACTIVIDAD
- Campo de actividad: Profesor
- Campo de actividad: Economista
- Campo de actividad: Escritor
- Campo de actividad: Investigador
374 ## - OCUPACIÓN
- Ocupación: Ministro de Economía, Planificación y Desarrollo
375 ## - GÉNERO/SEXO
- Género/Sexo: Masculino
377 ## - LENGUA/LENGUAJE ASOCIADO
- Código del idioma: spa
400 1# - TRAZADO DE VÉASE--NOMBRE DE PERSONA
- Nombre de persona: Isa Contreras, Pável Ernesto
670 ## - FUENTE DE DATOS ENCONTRADOS
- Cita de la fuente: Work cat.: (OSt)17007: Isa Contreras, Pavel, Desarrollo y políticas comerciales en República Dominicana /, 2003.
670 ## - FUENTE DE DATOS ENCONTRADOS
- Identificador Uniforme del Recurso: https://authorities.loc.gov/cgi-bin/Pwebrecon.cgi?AuthRecID=2268834&v1=1&HC=1&SEQ=20240503165925&PID=2eqZAVdNYH6u0eAcKJLFMgl3-xo Consultado en 03 de Mayo, 2024
